Faculty of Law Library — Cairo University

Official Online Catalog

Avertissement à l’Europe / (Record no. 71656)

MARC details
000 -LEADER
fixed length control field 01138nam a2200337 i 4500
003 - CONTROL NUMBER IDENTIFIER
control field EG-GICUC
005 - DATE AND TIME OF LATEST TRANSACTION
control field 20260508172942.0
008 - FIXED-LENGTH DATA ELEMENTS--GENERAL INFORMATION
fixed length control field 260418s1936 fr ||||fr|||| 00| 0 fre d
040 ## - CATALOGING SOURCE
Original cataloging agency EG-GiCUC
Language of cataloging fre
Transcribing agency EG-GiCUC
Modifying agency EG-GiCUC
Description conventions Rda
041 1# - LANGUAGE CODE
Language code of text/sound track or separate title fre
082 04 - DEWEY DECIMAL CLASSIFICATION NUMBER
Edition number 21
Classification number 343.9040
Item number MA . A
092 04 - LOCALLY ASSIGNED DEWEY CALL NUMBER (OCLC)
Edition number 21
099 ## - LOCAL FREE-TEXT CALL NUMBER (OCLC)
Classification number Law1 10 343.9040 MA . A 6 ed - 1936
100 1# - MAIN ENTRY--PERSONAL NAME
Personal name Mann, Thomas
Relator term Auteur
245 10 - TITLE STATEMENT
Title Avertissement à l’Europe /
Statement of responsibility, etc. par Thomas Mann, d’André Gide, Rainer Biemel.
250 ## - EDITION STATEMENT
Edition statement Sixième édition
264 #0 - PRODUCTION, PUBLICATION, DISTRIBUTION, MANUFACTURE, AND COPYRIGHT NOTICE
Place of production, publication, distribution, manufacture Gallimard :
Name of producer, publisher, distributor, manufacturer [Lieu de publication non identifié],
Date of production, publication, distribution, manufacture, or copyright notice 1936.
300 ## - PHYSICAL DESCRIPTION
Extent 60 page ;
Dimensions 24 cm.
336 ## - CONTENT TYPE
Source rda contenu
Content type term texte
337 ## - MEDIA TYPE
Source rda medias
Media type term Ordinateur
338 ## - CARRIER TYPE
Source transporteur rda
Carrier type term Ressource en ligne
504 ## - BIBLIOGRAPHY, ETC. NOTE
Bibliography, etc. note Comprend des références bibliographiques et un index.<br/><br/>
546 ## - LANGUAGE NOTE
Language note Traduit de l’anglais
650 1# - SUBJECT ADDED ENTRY--TOPICAL TERM
Topical term or geographic name entry element Droit pénal — France
Source of heading or term qrmak
651 1# - SUBJECT ADDED ENTRY--GEOGRAPHIC NAME
Source of heading or term qrmak
700 1# - ADDED ENTRY--PERSONAL NAME
Personal name Gide, André
Relator term Préfacier
700 1# - ADDED ENTRY--PERSONAL NAME
Personal name Biemel, Rainer
Relator term Traducteur
856 40 - ELECTRONIC LOCATION AND ACCESS
Uniform Resource Identifier <a href="https://fll.law.cu.edu.eg/fulltext/bks/B10-00681.pdf">https://fll.law.cu.edu.eg/fulltext/bks/B10-00681.pdf</a>
905 ## - Cataloger and Reviser Names
Cataloger Name: Habiba Yahya
942 ## - ADDED ENTRY ELEMENTS (KOHA)
Source of classification or shelving scheme Dewey Decimal Classification
Suppress in OPAC No
Koha item type Books
Edition 21
Holdings
Withdrawn status Lost status Source of classification or shelving scheme Damaged status Not for loan Collection Home library Current library Date acquired Total checkouts Full call number Barcode Date last seen Copy number Price effective from Koha item type
    Dewey Decimal Classification   Not for loan القانون الجنائي جــــامعة القــاهرة مكتبة كلية الحقوق - المبنى الرئيسي 18.04.2026   Law1 10 343.9040 MA . A 6 ed - 1936 1000681 C1 B10-00681 18.04.2026 1 18.04.2026 Books

© All rights reserved — Faculty of Law, Cairo University